00347 a2200109 450000500170000002000180001708200210003510000150005624500450007126000710011630000500018720250623084515.0 a0-340-65839-8 a338.4'791'068EDM aCondell. S aBusiness Systems For Leisure And Tourism aBritishbBritish Library Cataloguing -In- Publication Data,c1997. aix,; 49p, ill, figurebGrossary, Indexc27cm